000
00308nam a22001337a 4500
008
170131b xxu||||| |||| 00| 0 eng d
020
_a
9780815101239
041
_a
eng
080
_a
61
100
_a
3
101
_a
SHMI
245
_a
INTRODUCTION TO BASIC CARDIAC DYSRHYTHMIAS
_c
ATWOOD, S
942
_2
udc
_c
BK
999
_c
4041
_d
4041